1302 1106 1512 1922 1450 1715 1632 1116 1411 1620 1510 1647 1505 1104 1843 1144 1011 1714 1006 1176 1761 1091 1732 1546 1013 1296 1352 1166 1584 1283 1517 1571 1679 1051 1921 1142 1118 1073 1443 1994 1785 1980 1233 1996 1418 1242 1706 1463 1098 1069 1742 1700 1447 1710 1392 1346 1993 1314 1473 1042 1588 1826 1098 1678 1804 1216 1961 1406 1690 1297 1819 1258 1970 1036 1882 1333 1364 1763 1448 1660 1188 1798 1793 1556 1319 1563 1498 1949 1394 1911 1064 1746 1402 1891 1949 1102 1426 1286 1103 BCNSPRNW ULIB Ver.6.0+V

เปลี่ยนเป็นภาษาไทย

Change to English
 แสดงรายละเอียดบรรณานุกรม
  กลับหน้าหลัก

Brief Record : Get Marc (ISO 2709) : E-mail record : QR code < ปิดหน้าต่าง
LEADER : 00000nam 2200000uu 4500
001    13399111204
003     ULIB
008    110620s||||||||th 000 0 tha d
020    9786167098135
050 04 BF689.3^bช274I 2552
100 0  ชวนันท์ อมรเศรษฐ์
245 10 I.Q. ยอด E.Q. เยี่ยม พลิกชีวิตสู่ความสุขและความรุ่งโรจน์ /^cชวนันท์ อมรเศรษฐ์
260    กรุงเทพฯ :^bฟีลกูด,^c2552
300    171 หน้า :^bภาพประกอบ
650  7 ระดับสติปัญญา
650  7 ความฉลาดทางอารมณ์
945    ^p145^l0^i028916
945    ^p145^l0^i028915
945    ^p145^l0^i026849
945    ^p145^l0^i026848
995    ทศพร
999 ^a ใช้งานได้ทุกระบบ
รายการนี้ยังไม่มีแท็ก
คุณยังไม่ได้ล็อกอิน คุณสามารถมีกิจกรรมร่วมกับเว็บไซต์ได้ แต่ต้องล็อกอินก่อน ::
  ล็อกอิน

รายการสื่อสารสนเทศ

ลำดับที่ ประเภท เลขเรียก/บาร์โค้ด สถานที่ สถานะ
- ไม่พบข้อมูล -

รายการใกล้เคียง
    ผู้แต่ง [ชวนันท์ อมรเศรษฐ์]

    หัวเรื่อง [ระดับสติปัญญา]
    หัวเรื่อง [ความฉลาดทางอารมณ์]

BibComment


ยังไม่เคยถูกคอมเมนท์

คอมเมนท์ทรัพยากรรายการนี้
  คอมเมนท์: IQ ยอด EQ เยี่ยม ..


 Copyright 2026. Bcnsprnw @Library